00760nam a2200229Ia 45000010006000000050017000060070003000230080041000260400025000670410008000920820025001001000027001252450083001522500014002352600044002493000027002936530029003206530014003499420012003639520138003759990017005134039920240114003337.0ta071026s1998 a g b000 u 346 u aCotton College,Assam a346 a891.44109bMu 896 Ka aMukhopadhyay, Subhash. 0aKathar Gune Tari Kathar Doshe Mari /cSubhash Mukhopadhyay.hTextual Documents a1st ed. / aCalcutta :bAbhijat Prakashani ,c1998. a137p. :bill ;c22cm . aBengali Poetry-Criticism aG-Bengali 2ddccBK 001040708Circulation (G)aSKBLbSKBLd2012-02-01f00000l0o891.44109 Mu 896 Kap1420/Bengr2024-01-14 00:00:00t1w2012-02-01yBK c40370d40370